Los Hicaques de Yoro

Gespeichert in:
Bibliographische Detailangaben
1. Verfasser: Tojeira, José María
Format: Text
Veröffentlicht: Tegucigalpa: Guaymuras
Tags: Tag hinzufügen
Keine Tags, Fügen Sie den ersten Tag hinzu!

MARC

LEADER 00000 a a2200000 04500
001 23048
003
040 |a CRAI/IIS  |c CRAI/IIS 
090 |a 158900  
100 |a Tojeira, José María  
245 |a Los Hicaques de Yoro  
260 |a Tegucigalpa:   |b Guaymuras  
300 |a 118 p.  
999 |c 17744  |d 17744